Normal view
MARC view
Entry Personal Name
001 - CONTROL NUMBER
- control field: 36968
003 - CONTROL NUMBER IDENTIFIER
- control field: dpl
005 - DATE AND TIME OF LATEST TRANSACTION
- control field: 20111215110115.0
008 - FIXED-LENGTH DATA ELEMENTS
- fixed length control field: 111215|||a|||||| | ||| d
040 ## - CATALOGING SOURCE
- Original cataloging agency: dpl
- Transcribing agency: dpl
100 ## - HEADING--PERSONAL NAME
- Personal name: Rajagopalan, Ashok
670 ## - SOURCE DATA FOUND
- Source citation: Work cat.: (dpl): Aravind Kirsh Bala 36967, Black panther / , 2011
670 ## - SOURCE DATA FOUND
- Source citation: Work cat.: (dpl): Aravind Kirsh Bala 36967, Black panther / , 2011
